000 00594nam a2200205 i 4500
001 21771
003 ES-MaACL
005 20230906152536.0
007 t|
008 021127s1930 fr ||||1| fre d
100 1 _aAftalion, Albert.
_918520
245 1 0 _aCours de statistique /
_cAlbert Aftalion ; recuieilli et rédigé par Jean Lhomme, Jean Priou.
250 _a3e éd.
260 _aParís :
_b[s.n.,
_c1930?]
300 _aX,[2], 247 p. ;
_c25 cm.
650 0 4 _aEstadística.
_912520
700 1 _aLhomme, Jean.
_972136
700 1 _aPriou, Jean.
_993992
852 _aES-MaACL
_jA-2631
999 _c21771
_d21771